| 000 | 00353nam a2200121Ia 4500 | ||
|---|---|---|---|
| 008 | 230907s9999||||xx |||||||||||||| ||und|| | ||
| 082 |
_a305.800941 _bHUS |
||
| 100 |
_aHusband, Charles. _9115892 |
||
| 245 | 0 | _aSocial cohesion and counter-terrorism : | |
| 260 |
_aPolicy Press, _bBristol ; | Portland, Or. : _c2011 |
||
| 300 | _aix, 260 p. ; | ||
| 942 | _cBK | ||
| 999 |
_c600692 _d600692 |
||